Statystyki dla Trasa Autobusu 175 Warszawa

Kliknij tutaj aby rozwiązać quiz!

Ogólne statystyki

  • Ten quiz został rozwiązany 15 razy
  • Średni wynik to 9 z 25

Statystyki odpowiedzi

UlicePrzystanki% Poprawnych
Plac PiłsudskiegoPlac Piłsudskiego
85%
Aleje JerozolimskieCentrum
69%
Aleje JerozolimskieDworzec Centralny
69%
Aleje JerozolimskieKrucza
69%
Żwirki i WiguryBanacha-Szpital
62%
Nowy ŚwiatFoksal
54%
Aleje JerozolimskiePlac Starynkiewicza
54%
RaszyńskaPlac Zawiszy
54%
Żwirki i WiguryPomnik Lotnika
54%
Krakowskie PrzedmieścieHotel Bristol
46%
Nowy ŚwiatOrdynacka
46%
RaszyńskaRaszyńska
46%
Krakowskie PrzedmieścieUniwersytet
46%
Żwirki i WiguryUniwersytet Medyczny
38%
Żwirki i WiguryBaleya
23%
Żwirki i WiguryNovotel
23%
Żwirki i WiguryPKP Żwirki i Wigury
23%
Żwirki i WiguryPruszkowska
23%
Żwirki i WiguryRakowiec
23%
Lotnisko ChopinaTerminal Autokarowy
15%
Żwirki i WiguryKomitetu Obrony Robotników
8%
Żwirki i WiguryLeżajska
8%
Lotnisko ChopinaLotnisko Chopina-Odloty
8%
Żwirki i WiguryInstytut Lotniczy
0%
Krakowskie PrzedmieściePlac Zamnkowy
0%

Rozkład punktacji

Percentyl według liczby udzielonych odpowiedzi

Procent ludzi z każdym wynikiem

Twoja historia wyników

Nie rozwiązałeś tego quizu